000 00314nam a2200133Ia 4500
005 20251222155103.0
008 251222s9999||||xx |||||||||||||| ||spa||
082 _aREL.111.1
100 _aVIGANO, Angel.
245 0 _aEl espĂ­ritu santo y la Iglesia
250 _a1ra. ed.
264 _bSalesiana
942 _cLIB
999 _c37732
_d37732